000 01116cam a2200313 a 4500
999 _c332403
_d332403
001 2614603
003 NUST
005 20171204094611.0
008 980224s1997 okua b 001 0 eng
010 _a 98015341
020 _a0878147403
040 _aDLC
_cDLC
_dDLC
050 0 0 _aTD879.P4
_bD48 1997
082 0 0 _a628.55 DEU
_221
100 1 _aDeuel, L. E.
_96886
245 1 0 _aSoil remediation for the petroleum extraction industry /
_cLloyd E. Deuel, Jr., George H. Holliday.
250 _a2nd ed.
260 _aTulsa, Okla. :
_bPennWell,
_cc1997.
300 _axvi, 242 p. :
_bill. (some col.) ;
_c24 cm.
500 _aH.B
504 _aIncludes bibliographical references and index.
650 0 _aOil pollution of soils.
_96776
650 0 _aSoil remediation.
_96465
650 0 _aOil fields.
_96887
650 0 _aGas fields.
_96888
700 1 _aHolliday, George H.
_96889
906 _a7
_bcbc
_corignew
_d1
_eocip
_f19
_gy-gencatlg
942 _2ddc
_cBK
_kIESE